000 00273nam a2200097Ia 4500
001 734512
005 20250826163835.0
008 250824s9999 xx 000 0 und d
245 0 _aBİLDİĞİN GİBİ DEĞİL -SIRA DIŞI MESLEKLER
_cASENA MERİÇ
260 _bYEDİVEREN ÇOCUK
999 _c734512
_d734512